As areias do imperador : (Record no. 126988)
[ view plain ]
| 000 -LEADER | |
|---|---|
| fixed length control field | 01094cam a22003377i 4500 |
| 001 - CONTROL NUMBER | |
| control field | 18882411 |
| 003 - CONTROL NUMBER IDENTIFIER | |
| control field | ARRUPE |
| 005 - DATE AND TIME OF LATEST TRANSACTION | |
| control field | 20170929090405.0 |
| 008 - FIXED-LENGTH DATA ELEMENTS--GENERAL INFORMATION | |
| fixed length control field | 151113s2015 po 000 0 por |
| 010 ## - LIBRARY OF CONGRESS CONTROL NUMBER | |
| LC control number | 2016380436 |
| 020 ## - INTERNATIONAL STANDARD BOOK NUMBER | |
| International Standard Book Number | 9789722127677 |
| 020 ## - INTERNATIONAL STANDARD BOOK NUMBER | |
| International Standard Book Number | 9722127675 |
| 035 ## - SYSTEM CONTROL NUMBER | |
| System control number | (PT-LiPL)pu150598223 |
| 040 ## - CATALOGING SOURCE | |
| Original cataloging agency | DLC |
| Language of cataloging | eng |
| Transcribing agency | DLC |
| Description conventions | rda |
| 042 ## - AUTHENTICATION CODE | |
| Authentication code | pcc |
| 300 ## - PHYSICAL DESCRIPTION | |
| Dimensions | 21 cm |
| 100 1# - MAIN ENTRY--PERSONAL NAME | |
| Personal name | Couto, Mia, |
| Dates associated with a name | 1955- |
| 9 (RLIN) | 12281 |
| 245 13 - TITLE STATEMENT | |
| Title | As areias do imperador : |
| Remainder of title | uma trilogia Livro Um mulheres de cinza / |
| Statement of responsibility, etc | Mia Couto. |
| 250 ## - EDITION STATEMENT | |
| Edition statement | 2nd. edition |
| 260 ## - PUBLICATION, DISTRIBUTION, ETC. (IMPRINT) | |
| Place of publication, distribution, etc | Maputo |
| Name of publisher, distributor, etc | Fundacao Fernando Leite Couto |
| Date of publication, distribution, etc | 2015 |
| 300 ## - PHYSICAL DESCRIPTION | |
| Extent | 404p. ; |
| 500 ## - GENERAL NOTE | |
| General note | Novel. |
| 500 ## - GENERAL NOTE | |
| General note | First volume of the trilogy "As areias do imperador". |
| 500 ## - GENERAL NOTE | |
| General note | 1. Mulheres de cinza |
| 700 12 - ADDED ENTRY--PERSONAL NAME | |
| Personal name | Couto, Mia, |
| Dates associated with a name | 1955- |
| Title of a work | Mulheres de cinza. |
| 9 (RLIN) | 36622 |
| 906 ## - LOCAL DATA ELEMENT F, LDF (RLIN) | |
| a | 0 |
| b | ibc |
| c | origres |
| d | 4 |
| e | ncip |
| f | 20 |
| g | y-gencatlg |
| 942 ## - ADDED ENTRY ELEMENTS (KOHA) | |
| Source of classification or shelving scheme | Library of Congress Classification |
| Koha item type | Monograph ( Printed materials) |
| Withdrawn status | Lost status | Source of classification or shelving scheme | Damaged status | Not for loan | Collection code | Home library | Current library | Shelving location | Date acquired | Total Checkouts | Full call number | Barcode | Date last seen | Price effective from | Koha item type |
|---|---|---|---|---|---|---|---|---|---|---|---|---|---|---|---|
| Library of Congress Classification | Main Collection | ARRUPE LIBRARY | ARRUPE LIBRARY | Main Collection | 29/09/2017 | PR9408.M87 C6 M8 | 46500027880 | 29/09/2017 | 29/09/2017 | Monograph ( Printed materials) |